Normal view
MARC view
- Training and interpreting
Entry Topical Term
001 - CONTROL NUMBER
- control field: 2715
003 - CONTROL NUMBER IDENTIFIER
- control field: JO-AjAnu
005 - DATE AND TIME OF LATEST TRANSACTION
- control field: 20230606070740.0
008 - FIXED-LENGTH DATA ELEMENTS
- fixed length control field: 230606|| aca||aabn | a|a d
040 ## - CATALOGING SOURCE
- Original cataloging agency: JO-AjAnu
- Transcribing agency: JO-AjAnu
150 ## - HEADING--TOPICAL TERM
- Topical term or geographic name entry element: Training and interpreting
670 ## - SOURCE DATA FOUND
- Source citation: Work cat.: (JO-AjAnu)1421: Jalabneh, Mustafa, author 2714, A Study in the Issues Of Military Translation = دراسة في مسائل الترجمة العسكرية